000 00453ntaaa2200169 4500
003 01
005 20251027201907.0
008 0714s1973 ag 01
040 _aAR-BaBN
_bspa
_cAR-BaBN
_eaacr
_dRIC
082 _a244.1000 L36
100 _aLaurencena, Martha
245 _aExtranjero que llegó bajo la lluvia
250 _a1 ed. :
_bJunta Bautista de Publicaciones,
_cn.f.
300 _a19 p.
650 _aColección Lecturas Infantiles
942 _cBK
999 _c13640
_d13640